| 000 | 00000nam 2200000za 4500 |
| 001 | 9.639624 |
| 003 | CaOODSP |
| 005 | 20210624222249 |
| 007 | cr ||||||||||| |
| 008 | 150407|2011||||xxc|||||o f|0| 0 fre d |
| 020 | |a978-1-100-98561-9 |
| 040 | |aCaOODSP|bfre |
| 043 | |an-cn--- |
| 086 | 1 |aEn14-43/0-1-2011F-PDF |
| 110 | 1 |aCanada. |bEnvironnement Canada. |
| 245 | 10|aSommaire des éléments probants relativement aux constatations clés pour l'écozone+ de la taïga de la Cordillère : |h[ressource électronique]|bbiodiversité canadienne - état et tendances des écosystèmes en 2010, rapport sommaire des éléments probants relativement aux constatations clés n° 1 / |cpublié par les Conseils canadiens des ministres des ressources. |
| 260 | |aGatineau - Québec : |bEnvironnement Canada |cc2011. |
| 300 | |a72p.|bfigures en couleur, cartes en couleur, graphiques, références, tableaux, photographies |
| 490 | 1 |aRapport sommaire des éléments probants relativement aux constatations clés ; |vn° 1 |
| 590 | |a13-23-Supp|b2013-10-08 |
| 691 | 07|aDiversité biologique|2gcpds |
| 775 | 08|tTaiga Cordillera Ecozone+ evidence for key findings summary : |w(CaOODSP)9.695487 |
| 830 | #0|aRapport sommaire des éléments probants relativement aux constatations clés ;|vn° 1|w(CaOODSP)9.821129 |
| 856 | 40|ahttp://publications.gc.ca|qPDF|s1.99 Mo|uhttps://publications.gc.ca/collections/collection_2013/ec/En14-43-0-1-2011-fra.pdf |